| 000 | 00605nam a2200181 4500 | ||
|---|---|---|---|
| 001 | 120123 | ||
| 003 | ES-MaACL | ||
| 005 | 20230906191453.0 | ||
| 007 | t| | ||
| 008 | 070214q1956 sp r ||||1| spa d | ||
| 110 | 2 |
_aIglesia Católica. _bPapa (1939-1958: Pío XII) _94666 |
|
| 245 | 1 | 1 |
_a"Haurietis aquas" _b: carta encíclica de S.S. Pío XII sobre el culto al Sagrado Corazón de Jesús. |
| 260 |
_aSalamanca : _bSígueme, _c[ca. 1956] |
||
| 300 |
_a87 p. ; _c15 cm. |
||
| 650 | 4 |
_aSagrado Corazón de Jesús- _xCulto. _9140224 |
|
| 700 | 0 |
_aPío _bXII, _cPapa. _992302 |
|
| 852 |
_aES-MaACL _jC-47192 |
||
| 999 |
_c120123 _d120123 |
||